Music Quiz

Random Music or Song Quiz

Song Title Overlaps II Quiz Stats

 Plays Quiz Updated Jun 12, 2018

Challenge
Share
Tweet
Embed
Score 0/24 Timer 04:00
10 Plays Today
Song Title 1 Overlapping Word % Correct
Big Girls Don't...Cry
99.2%
Closing...Time
95.6%
Empire State of...Mind
94%
Born to...Run
90.4%
In My...Head
90.3%
You're Still the...One
90%
24K...Magic
88.3%
U Got It...Bad
88.2%
Bust a...Move
86%
Just...Dance
84.9%
Werewolves of...London
79.4%
Give a...Little
77.5%
Song Title 1 Overlapping Word % Correct
Back in...Black
71%
Don't Let Me...Down
65.9%
In the...End
63%
Super...Freak
61.7%
Don't Be...Cruel
51.5%
Cool for the...Summer
50.3%
We Can't...Stop
48.8%
Let's...Groove
43.3%
Losing My...Edge
40.9%
Another Park, Another...Sunday
31.2%
Downtown...Train
25.6%
Our...House
24.2%

You're not logged in!

Compare scores with friends on all Sporcle quizzes.
OR
Log In

You Might Also Like...

Show Comments

Extras

Top Quizzes Today


Score Distribution

Your Account Isn't Verified!

In order to create a playlist on Sporcle, you need to verify the email address you used during registration. Go to your Sporcle Settings to finish the process.

Report this User

Report this user for behavior that violates our Community Guidelines.

Details: